000 00600nam a2200241Ia 4500
003 OSt
005 20221005130746.0
006 a|||||r|||| 00| 0
007 ta
008 221004b |||||||| |||| 00| 0 eng d
024 _a51394
037 _cTextual
040 _aCRL
_cCRL
_beng
041 _2eng
_aeng
082 _aQ2:418, E0
245 0 _aSambapanchasika comm by Kshemaraja ed by Kedarnath and W L Panashikar Ed 2
250 _a2nd
260 _c1910
490 _aKavyamala; 13
650 _aRELIGION
942 _hQ2:418, E0
_cTEXL
_2cc
999 _c1058319
_d1058319